000 01186cam a2200337 a 4500
001 15132303
003 ARRUPE
005 20150425020008.0
008 080109s2008 ilu b 000 0 eng
010 _a 2008000642
020 _a9780829427226
020 _a0829427228
035 _a(OCoLC)190875837
035 _a(OCoLC)ocn190875837
040 _aDLC
_cDLC
_dYDX
_dBAKER
_dBTCTA
_dYDXCP
_dDLC
043 _an-us---
050 0 0 _aLC493
_b.J388 2008
082 0 0 _a371.071/2
_222
245 0 2 _aA Jesuit education reader /
_cedited by George W. Traub.
260 _aChicago, Ill. :
_bLoyola Press,
_cc2008.
300 _axv, 432 p. ;
_c23 cm.
504 _aIncludes bibliographical references.
610 2 0 _aJesuits
_xEducation.
_912163
610 2 0 _aJesuits
_zUnited States.
_912164
610 2 0 _aCatholic Church
_xEducation
_zUnited States.
_911885
700 1 _aTraub, George W.
_912165
856 4 1 _3Table of contents only
_uhttp://www.loc.gov/catdir/toc/ecip088/2008000642.html
906 _a7
_bcbc
_corignew
_d1
_eecip
_f20
_gy-gencatlg
942 _2lcc
_cMONOGRAPH
_03
999 _c121116
_d121116